000 00903nam a2200229 a 4500
005 20240920064104.0
008 030324s2001 es r 000 0 spa d
020 _a8489042292
035 _aUPN01000123168
049 _aCG
050 4 _aLB1146.2
_bS3.3
100 1 _aSánchez Blanco, Concepción
_933597
245 1 0 _aDe la educación infantil y su crítica :
_breforma, investigación e innovación y formación del profesorado /
_cConcha Sánchez Blanco.
260 _aSevilla, Esp. :
_bM.C.E.P.,
_c2001.
300 _a2 v.
440 0 _aColaboración pedagógica ;
_v9
505 8 _aContenido:
_gv.1.
_tDilemas curriculares, escolaridad temprana y discusión ideológica --
_gv.2.
_tReforma, investigación y formación del profesorado
650 4 _aEducación de niños
_95387
650 4 _aPsicopedagogía
_95085
650 4 _aMAESTROS EN SERVICIO, FORMACION DE -
_zESPAÑA
_9878
905 _aLibro
999 _c95349
_d95349